ARRUPE JESUIT UNIVERSITY

CORONAVIRUS -STOP THE SPREAD - CLEAN,DISINFECT,COVER

Trotsky (Record no. 120157)

MARC details
000 -LEADER
fixed length control field 00506nam a22001577a 4500
008 - FIXED-LENGTH DATA ELEMENTS--GENERAL INFORMATION
fixed length control field 140225b xxu||||| |||| 00| 0 eng d
020 ## - INTERNATIONAL STANDARD BOOK NUMBER
International Standard Book Number X00078KVSJ
050 ## - LIBRARY OF CONGRESS CALL NUMBER
Classification number DK254.T6S427 2009
100 ## - MAIN ENTRY--PERSONAL NAME
Personal name Service, Robert
9 (RLIN) 8916
245 ## - TITLE STATEMENT
Title Trotsky
Remainder of title a biography
Statement of responsibility, etc Robert Service
260 ## - PUBLICATION, DISTRIBUTION, ETC. (IMPRINT)
Place of publication, distribution, etc London
Name of publisher, distributor, etc Pan Books
Date of publication, distribution, etc 2009
300 ## - PHYSICAL DESCRIPTION
Extent xxii, 600p. ;
Dimensions 20cm.
600 ## - SUBJECT ADDED ENTRY--PERSONAL NAME
Personal name Trotsky, Leon
9 (RLIN) 8917
650 ## - SUBJECT ADDED ENTRY--TOPICAL TERM
Topical term or geographic name as entry element Communism
General subdivision Soviet Union History
-- Politics
Chronological subdivision 1917-1936
Geographic subdivision Russia
-- Soviet Union
9 (RLIN) 8918
942 ## - ADDED ENTRY ELEMENTS (KOHA)
Source of classification or shelving scheme Library of Congress Classification
Item type Monograph ( Printed materials)
Koha issues (borrowed), all copies 1
Holdings
Withdrawn status Lost status Source of classification or shelving scheme Damaged status Not for loan Collection code Home library Current library Shelving location Date acquired Total Checkouts Full call number Barcode Date last seen Date last borrowed Price effective from Koha item type
    Library of Congress Classification     Main Collection ARRUPE LIBRARY ARRUPE LIBRARY Main Collection 25/02/2014 1 DK254.T6S427 2009 46500002105 04/12/2017 10/03/2014 25/02/2014 Monograph ( Printed materials)

 

Arrupe Library. PO Box MP320 Mt Pleasant, Harare, Zimbabwe
263 242 745411|librarian@aju.ac.zw